000 00636nam a2200277Ia 4500
005 20260121125457.0
008 008 260114s9999 xx 000 0 eng d
020 _a9780748646630
037 _aEBOOK
040 _aCRL
040 _beng
040 _cCRL
041 _2eng
041 _aeng
084 _qCRL
100 _aEvans, Mark
_9993602
245 0 _aSecurity Arabic
260 _bWalter de Gruyter
260 _bWalter de Gruyter
260 _c2013
650 _aArabic
_9993603
856 _uhttp://www.degruyter.com/isbn/9780748646630
942 _cEBOOK
999 _c1562305
_d1562305